It looks like you're offline.
Open Library logo
additional options menu

MARC Record from Library of Congress

Record ID marc_loc_2016/BooksAll.2016.part16.utf8:20698035:751
Source Library of Congress
Download Link /show-records/marc_loc_2016/BooksAll.2016.part16.utf8:20698035:751?format=raw

LEADER: 00751nam a2200229 a 4500
001 84208676
003 DLC
005 19850920000000.0
008 850912s1984 fr fa b 00010bfre
010 $a 84208676
020 $a2867010268 :$c130F
043 $ab------
050 0 $aPQ2019.P6$bB37 1984
082 0 $a842/.5$aB$219
100 10 $aBarbotte, Marcel.
245 10 $aPiron qui ne fut rien-- /$cMarcel Barbotte.
260 0 $a[Saint-Seine-l'Abbaye] :$bEditions de Saint-Seine-l'Abbaye,$cc1984.
300 $a157 p., [4] p. of plates :$bill. ;$c21 cm.
504 $a"Œuvre théâtrale d'Alexis Piron": p. 154-[155]
504 $aBibliography: p. [153]
600 10 $aPiron, Alexis,$d1689-1773.
650 0 $aDramatists, French$y18th century$xBiography.